La práctica de la dirección espiritual
Gardado en:
| Main Authors: | , |
|---|---|
| Formato: | Libro |
| Idioma: | Lingua castelá |
| Publicado: |
Maliaño
Sal Terrae
2011
|
| Edición: | 1a. ed |
| Series: | Colección El Pozo de Siquem, 282
|
| Subjects: | |
| Tags: |
Engadir etiqueta
Sen Etiquetas, Sexa o primeiro en etiquetar este rexistro!
|
MARC
| LEADER | 00000cam a2200000 a 4500 | ||
|---|---|---|---|
| 001 | UCC4245 | ||
| 003 | CL-VaPUC | ||
| 008 | 180720e20110000sp |||||||||||||||||spa|d | ||
| 020 | |a 9788429319224 | ||
| 082 | 0 | 4 | |a 291.4 |b BAR |2 21 |
| 100 | 0 | |a Barry, William A |e author |9 598396 | |
| 700 | 0 | |a Connolly, William J |e author |9 598397 | |
| 245 | 1 | 3 | |a La práctica de la dirección espiritual |
| 250 | |a 1a. ed | ||
| 300 | |a 279 p | ||
| 942 | |c BK | ||
| 945 | |d 20180720 14:27:00 |a dcastane | ||
| 260 | |a Maliaño |b Sal Terrae |c 2011 | ||
| 650 | 0 | |a Vida cristiana |9 258753 | |
| 650 | 0 | |a Vida religiosa |9 257284 | |
| 650 | 0 | |a Meditaciones |9 309833 | |
| 583 | |a last modification |c 20180720 14:27:00 |k Rodrigo Vera | ||
| 490 | 0 | |a Colección El Pozo de Siquem, 282 | |
| 999 | |c 371798 |d 371796 | ||
| 952 | |0 0 |1 0 |3 erb |4 0 |6 291_400000000000000_BAR_2011 |7 0 |8 A |9 488994 |a BIBTEO |b BIBTEO |i 5482755 |o 291.4 BAR 2011 |p 5482755 |r 2024-01-18 |w 2019-11-24 |y BK |z Catalogado en:20180720 |k ICR | ||